000 01181cab a22002415a 4500
001 L155715
008 120410e2012 xxk 000 0 eng d
035 _a(Sirsi) u155715
041 0 _aeng
100 1 _aStewart, Sarah
245 0 0 _aMarkets
_bHerts, Beds, Bucks and Oxon
260 _c2012
490 0 _aProperty Week
_v78(13) 30 March 2012, 43-50(4)
520 _aLaing O'Rourke appoint Augur Group as new development manager for Vauxhall's stalled Napier Park and Stirling Place sites in Luton. Highlights three regional shopping centres that are reinvigorating their retail offer in competition with London's Westfield supermalls: Secklow Gate in Milton Keynes; Westgate Oxford shopping centre, and Value Retail's highly popular Bicester Village. Dorchester Group can begin the phased construction of its Heyford Park, Oxfordshire, residential scheme. Arla Foods is on track to build the UK's largest dairy in Aylesbury, Buckinghamshire.
590 _aKA
651 4 _aHertfordshire
651 4 _aBedfordshire
651 4 _aBuckinghamshire
651 4 _aOxfordshire
690 _aCommercial property
_96227
690 _aResidential property
_96266
942 _n0
999 _c83905
_d83905